000 00525nam a2200193Ia 4500
005 20260429112003.0
008 260429s9999||||xx |||||||||||||| ||und||
020 _a9780444634382
041 _aEnglish
082 _a572
_bRID
100 _aRidgway, Neale D.
245 0 _aBiochemistry of lipids, lipoproteins and membranes /
_cNeale D. Ridgway
250 _a6th ed.
260 _aAmsterdam :
_bElsevier,
_c2016.
300 _axxiii, 599 p.; hb
650 _aBiochemistry
700 _a McLeod, Roger S.
942 _cTB
999 _c51762
_d51762